Gaming Quiz

Random Gaming or Video Games Quiz

StarCraft Units Quiz Stats

 Plays Quiz Updated Apr 19, 2014

Support Sporcle.
Go Orange.
Score 0/47 Timer 04:00
2 Plays Today
Race Unit % Correct
TerranMarine
92.5%
TerranFirebat
89.1%
ZergZergling
87.7%
ProtossZealot
85%
TerranSCV
83.6%
ZergHydralisk
82.6%
TerranMedic
81.6%
TerranSiege Tank
81.5%
TerranBattlecruiser
80.1%
TerranGhost
79.5%
ProtossDragoon
78.3%
ProtossCarrier
77.4%
ZergMutalisk
77.3%
ZergDrone
77.1%
ProtossHigh Templar
77%
ProtossDark Templar
76.8%
ProtossProbe
76.5%
TerranVulture
76%
ZergUltralisk
75.1%
TerranGoliath
74.8%
TerranWraith
73.2%
ProtossArchon
72%
ZergQueen
69%
ProtossScout
66.6%
Race Unit % Correct
ProtossDark Archon
65.4%
TerranScience Vessel
64.8%
ZergOverlord
64.8%
TerranDropship
64.6%
ZergLurker
61.6%
ProtossReaver
60%
TerranValkyrie
59.8%
ZergGuardian
58.6%
ProtossObserver
55.9%
ProtossCorsair
53.5%
ProtossArbiter
52.4%
ZergDefiler
50.9%
ZergDevourer
47.2%
ProtossShuttle
46.4%
ZergScourge
46.2%
ZergLarva
44.6%
ZergInfested Terran
43.5%
ZergBroodling
36.5%
TerranSpider Mine
35.9%
ProtossInterceptor
30.3%
ZergCocoon
14%
ZergZerg Egg
11.9%
ZergLurker Egg
11.6%

From the Vault

Male or Female?

by iglew

This quiz ain't easy for a boy named Sue.
Remove Ads.
Support Sporcle.
Get the best of Sporcle when you Go Orange. This ad-free experience offers more features, more stats, and more fun while also helping to support Sporcle. Thank you for becoming a member.

Show Comments

Extras

Top Quizzes Today


Score Distribution

Your Account Isn't Verified!

In order to create a playlist on Sporcle, you need to verify the email address you used during registration. Go to your Sporcle Settings to finish the process.

Report this User

Report this user for behavior that violates our Community Guidelines.

Details: